skbl

Dr Suryya Kumar Bhuyan Library Web-OPAC
ডঃ সূৰ্য্য
কুমাৰ ভূঞা পুথিভঁৰাল ৱেব-অ'পেক

All Research Scholars are advised to clear the annual library fees to continue using Library Resources, Remote Access, Plagiarism Test and Library Clearance.

Cotton University Book Fair 2026

Tripurai Samaj Sanskriti Santrashbad / (Record no. 32307)

MARC details
000 -LEADER
fixed length control field 00641nam a2200241Ia 4500
001 - CONTROL NUMBER
control field 32325
005 - DATE AND TIME OF LATEST TRANSACTION
control field 20240114001601.0
007 - PHYSICAL DESCRIPTION FIXED FIELD--GENERAL INFORMATION
fixed length control field ta
008 - FIXED-LENGTH DATA ELEMENTS--GENERAL INFORMATION
fixed length control field 060823s1999 g b000 u 346 u
040 ## - CATALOGING SOURCE
Original cataloging agency Cotton College Assam
041 ## - LANGUAGE CODE
Language code of text/sound track or separate title 346
082 ## - DEWEY DECIMAL CLASSIFICATION NUMBER
Classification number 954.301
Item number Ch 36 Th
100 ## - MAIN ENTRY--PERSONAL NAME
Personal name Chanda, Saroj .
245 #0 - TITLE STATEMENT
Title Tripurai Samaj Sanskriti Santrashbad /
Statement of responsibility, etc. Saroj Chanda.
Medium Textual Documents
250 ## - EDITION STATEMENT
Edition statement 1st ed. /
260 ## - PUBLICATION, DISTRIBUTION, ETC.
Place of publication, distribution, etc. Agartala :
Name of publisher, distributor, etc. Tripura Darpan ,
Date of publication, distribution, etc. 1999.
300 ## - PHYSICAL DESCRIPTION
Extent 136p. ;
Dimensions 22cm.
653 ## - INDEX TERM--UNCONTROLLED
Uncontrolled term Bengali Essays-Tripura
653 ## - INDEX TERM--UNCONTROLLED
Uncontrolled term G-Bengali
942 ## - ADDED ENTRY ELEMENTS (KOHA)
Source of classification or shelving scheme Dewey Decimal Classification
Koha item type Books
Holdings
Withdrawn status Lost status Damaged status Not for loan Collection Home library Current library Date acquired Coded location qualifier Total checkouts Full call number Barcode Date last seen Copy number Price effective from Koha item type
          Dr. Suryya Kumar Bhuyan Library Dr. Suryya Kumar Bhuyan Library 01/02/2012 00000   954.301 Ch 36 Th 194/Ell 14/01/2024 1 01/02/2012 Books

Designed and Maintained by Team SKBL
©1901-2026

Powered by Koha